Los clarines del miedo

Salvato in:
Dettagli Bibliografici
Autore principale: Lera, Ángel María de (Autore)
Natura: Libro
Lingua:spagnolo
Pubblicazione: Barcelona Destino 1958
Serie:Ancora y delfín, 143
Soggetti:
Tags: Aggiungi Tag
Nessun Tag, puoi essere il primo ad aggiungerne!!

MARC

LEADER 00000nam a2200000 a 4500
001 UCQ5666
003 CL-VaPUC
008 981002e19580000SP |||||||||||||||||spa|d
082 0 4 |a 863  |b LER  |2 21 
100 |a Lera, Ángel María de  |e author  |9 562927 
245 1 4 |a Los clarines del miedo 
300 |a 245 p 
942 |c BK 
945 |d 19981002 00:00:00  |a crobeson 
260 |a Barcelona  |b Destino  |c 1958 
650 0 |a Novelas españolas  |9 265052 
650 0 |a Literatura española  |9 306261 
583 |a last modification  |c 19981002 00:00:00  |k Rodrigo Vera 
490 0 |a Ancora y delfín, 143 
999 |c 275871  |d 275869 
952 |0 0  |1 0  |4 0  |6 863_000000000000000_LER_1958  |7 0  |8 A  |9 312727  |a BIBEDU  |b BIBEDU  |d 2019-11-20  |i 1475754  |o 863 LER 1958  |p 1475754  |r 2019-11-20  |w 2019-11-20  |y BK  |k LIT